00441nam a2200145Ia 4500003000400000008004100004040001600045082001600061100001600077245008600093260004200179300001000221650002900231650003500260GCL140319s9999 xx 000 0 eng d aGCL / cGCL04a618.92bH C1 aHUNTER, MIC10aCHILD SURVIVORS AND PERPETROTARS OF SEXUAL: TREATMENT INNOVATIONS / cHUNTER, MIC a[S.N] : bSAGE PUBLICATIONS ، c1995 a184 P04aSEXUALLY ABUSED CHILDREN04aTEENAGE SEX OFFENDERS MENTALHH